|
|
|
|
| LEADER |
00615nam a22002052a 4500 |
| 001 |
001901243 |
| 003 |
CZ BrMZK |
| 005 |
20240704141453.0 |
| 007 |
ta |
| 008 |
240704s1945 fr er|||||||||||fre d |
| 040 |
|
|
|a BOA001
|b cze
|e aacr2
|
| 100 |
1 |
|
|a Supervielle, Jules,
|d 1884-1960
|7 jn20000605220
|4 aut
|
| 245 |
1 |
3 |
|a Le voleur d'enfants :
|b roman /
|c Jules Supervielle
|
| 250 |
|
|
|a 15. édition
|
| 260 |
|
|
|a Paris :
|b Gallimard,
|c [1945]
|
| 300 |
|
|
|a 222 s.
|
| 910 |
|
|
|a BOA001
|b 1-0195.801
|
| 990 |
|
|
|a BK
|
| 991 |
|
|
|b 202407
|
| 996 |
6 |
|
|b BC-2503439
|c 1-0195.801
|l MZK
|r Sklad / do 1 hodiny
|n 0
|w 001969850
|u 000010
|a 1
|e BOA001
|j MZK50
|s P
|